000 00261nam a22001097a 4500
008 170118b xxu||||| |||| 00| 0 eng d
020 _a9780833060129
041 _aeng
080 _a618.2
245 _aNATIONAL GUARD SPECIAL FORCES
_cPETERS, J.E
942 _2udc
_cBK
999 _c3079
_d3079